| 000 | 00869nam a2200241 a 4500 | ||
|---|---|---|---|
| 001 | BRCA_4182 | ||
| 005 | 20190320204557.0 | ||
| 008 | 300410s1958----sp-a######---#000-0#spa-# | ||
| 041 | _aspa | ||
| 044 | _asp | ||
| 050 | 4 |
_aPQ6338 _b.V56 2 _c1958 |
|
| 100 | 1 |
_aVindel, Francisco _910789 |
|
| 245 | 1 | 0 |
_aCervantina (23 abril 1958) _bIn Memoriam. Don Alfredo Ramírez Tomé, iniciador del Día de Cervantes ; noticias inéditas sobre la primera edición académica del Quijote de 1780 ; La Quijotitis, cancér literario incurable _cFrancisco Vindel. |
| 260 |
_aMadrid _bFrancisco Vindel _c1958 |
||
| 300 |
_a30 p. _bil. _c25 cm. |
||
| 500 | _aEjemplar numerado 94 de 225 | ||
| 500 | _aEjemplar igual a AA42 | ||
| 500 | _aAA75 | ||
| 600 | 1 | 4 |
_aCervantes Saavedra, Miguel de _d1547-1616 _9213 |
| 600 | 1 | 4 |
_aRamírez Tomé, Alfredo _97609 |
| 902 | _aGFM | ||
| 942 |
_2lcc _cB |
||
| 999 |
_c3898 _d3898 |
||